| 000 | 00447nam a2200157Ia 4500 | ||
|---|---|---|---|
| 003 | IQ-KOUCL | ||
| 041 | _aArabic | ||
| 082 | _a278,1 cut-25 ب | ||
| 100 | _a20260118u\\\\\\\\\\\y0engy0103\\\\ba | ||
| 100 | _aابن فوزان | ||
| 245 | 0 | _aفتاوى المراة المسلمة الجزء الثاني | |
| 250 | _aط1 | ||
| 260 |
_bجمعية احياء التراث الاسلامي _aالكويت _c2022 |
||
| 300 | _a1008 | ||
| 942 | _cBk | ||
| 999 |
_c186320 _d186320 |
||